Every Real Madrid starting XI in 2024/2025 - Statistics

General Stats
  • This quiz has been taken 29 times
    28 since last reset
  • The average score is 359 of 418
Answer Stats
Hint Answer % Correct
Villarreal (H) GK Andriy Lunin
96%
Barcelona (H) GK Andriy Lunin
96%
Osasuna (H) GK Andriy Lunin
96%
Rayo (H) GK Andriy Lunin
96%
Leganes (H) GK Andriy Lunin
96%
Sevilla (A) GK Andriy Lunin
96%
Real Sociedad (H) GK Andriy Lunin
96%
Mallorca (A) RW Rodrygo
96%
Valladolid (H) RW Rodrygo
96%
Real Betis (H) RW Rodrygo
96%
Alaves (H) RW Rodrygo
96%
Atletico Madrid (A) ST Rodrygo
96%
Osasuna (H) RW Rodrygo
96%
Getafe (H) LW Rodrygo
96%
Athletic Club (A) ST Rodrygo
96%
Rayo (A) ST Rodrygo
96%
Sevilla (H) LW Rodrygo
96%
Valencia (A) RW Rodrygo
96%
Las Palmas (H) LW Rodrygo
96%
Valladolid (A) LW Rodrygo
96%
Espanyol (A) RW Rodrygo
96%
Atletico Madrid (H) RW Rodrygo
96%
Girona (H) RW Rodrygo
96%
Real Betis (A) RW Rodrygo
96%
Rayo (H) RW Rodrygo
96%
Villarreal (A) LW Rodrygo
96%
Alaves (A) LW Rodrygo
96%
Athletic Club (H) ST Rodrygo
96%
Mallorca (A) GK Thibaut Courtois
96%
Valladolid (H) GK Thibaut Courtois
96%
Las Palmas (A) GK Thibaut Courtois
96%
Real Betis (H) GK Thibaut Courtois
96%
Real Sociedad (A) GK Thibaut Courtois
96%
Alaves (H) GK Thibaut Courtois
96%
Espanyol (H) GK Thibaut Courtois
96%
Atletico Madrid (A) GK Thibaut Courtois
96%
Celta Vigo (A) GK Thibaut Courtois
96%
Leganes (A) GK Thibaut Courtois
96%
Getafe (H) GK Thibaut Courtois
96%
Athletic Club (A) GK Thibaut Courtois
96%
Girona (A) GK Thibaut Courtois
96%
Rayo (A) GK Thibaut Courtois
96%
Sevilla (H) GK Thibaut Courtois
96%
Valencia (A) GK Thibaut Courtois
96%
Las Palmas (H) GK Thibaut Courtois
96%
Valladolid (A) GK Thibaut Courtois
96%
Espanyol (A) GK Thibaut Courtois
96%
Atletico Madrid (H) GK Thibaut Courtois
96%
Osasuna (A) GK Thibaut Courtois
96%
Girona (H) GK Thibaut Courtois
96%
Real Betis (A) GK Thibaut Courtois
96%
Villarreal (A) GK Thibaut Courtois
96%
Alaves (A) GK Thibaut Courtois
96%
Athletic Club (H) GK Thibaut Courtois
96%
Getafe (A) GK Thibaut Courtois
96%
Celta Vigo (H) GK Thibaut Courtois
96%
Barcelona (A) GK Thibaut Courtois
96%
Mallorca (H) GK Thibaut Courtois
96%
Mallorca (A) LW Vinicius Junior
96%
Valladolid (H) LW Vinicius Junior
96%
Las Palmas (A) LW Vinicius Junior
96%
Real Betis (H) LW Vinicius Junior
96%
Real Sociedad (A) LW Vinicius Junior
96%
Alaves (H) LW Vinicius Junior
96%
Espanyol (H) LW Vinicius Junior
96%
Atletico Madrid (A) ST Vinicius Junior
96%
Villarreal (H) ST Vinicius Junior
96%
Celta Vigo (A) ST Vinicius Junior
96%
Barcelona (H) ST Vinicius Junior
96%
Osasuna (H) LW Vinicius Junior
96%
Leganes (A) LW Vinicius Junior
96%
Valencia (A) LW Vinicius Junior
96%
Espanyol (A) LW Vinicius Junior
96%
Atletico Madrid (H) LW Vinicius Junior
96%
Osasuna (A) LW Vinicius Junior
96%
Girona (H) LW Vinicius Junior
96%
Real Betis (A) LW Vinicius Junior
96%
Rayo (H) LW Vinicius Junior
96%
Valencia (H) LW Vinicius Junior
96%
Athletic Club (H) ST Vinicius Junior
96%
Getafe (A) LW Vinicius Junior
96%
Celta Vigo (H) LW Vinicius Junior
96%
Barcelona (A) LW Vinicius Junior
96%
Mallorca (A) CB Antonio Rüdiger
91%
Valladolid (H) CB Antonio Rüdiger
91%
Las Palmas (A) CB Antonio Rüdiger
91%
Real Betis (H) CB Antonio Rüdiger
91%
Real Sociedad (A) CB Antonio Rüdiger
91%
Alaves (H) CB Antonio Rüdiger
91%
Atletico Madrid (A) CB Antonio Rüdiger
91%
Villarreal (H) CB Antonio Rüdiger
91%
Celta Vigo (A) CB Antonio Rüdiger
91%
Barcelona (H) CB Antonio Rüdiger
91%
Osasuna (H) CB Antonio Rüdiger
91%
Leganes (A) CB Antonio Rüdiger
91%
Getafe (H) CB Antonio Rüdiger
91%
Athletic Club (A) CB Antonio Rüdiger
91%
Girona (A) CB Antonio Rüdiger
91%
Rayo (A) CB Antonio Rüdiger
91%
Sevilla (H) CB Antonio Rüdiger
91%
Valencia (A) CB Antonio Rüdiger
91%
Las Palmas (H) CB Antonio Rüdiger
91%
Valladolid (A) CB Antonio Rüdiger
91%
Espanyol (A) CB Antonio Rüdiger
91%
Real Betis (A) CB Antonio Rüdiger
91%
Leganes (H) CB Antonio Rüdiger
91%
Valencia (H) CB Antonio Rüdiger
91%
Alaves (A) CB Antonio Rüdiger
91%
Athletic Club (H) CB Antonio Rüdiger
91%
Mallorca (A) RB Dani Carvajal
91%
Valladolid (H) RB Dani Carvajal
91%
Real Betis (H) RB Dani Carvajal
91%
Real Sociedad (A) RB Dani Carvajal
91%
Espanyol (H) RB Dani Carvajal
91%
Atletico Madrid (A) RB Dani Carvajal
91%
Villarreal (H) RB Dani Carvajal
91%
Mallorca (A) CM Fede Valverde
91%
Valladolid (H) CM Fede Valverde
91%
Las Palmas (A) CM Fede Valverde
91%
Real Betis (H) CM Fede Valverde
91%
Real Sociedad (A) CM Fede Valverde
91%
Alaves (H) CM Fede Valverde
91%
Espanyol (H) CM Fede Valverde
91%
Atletico Madrid (A) CM Fede Valverde
91%
Villarreal (H) CM Fede Valverde
91%
Celta Vigo (A) CM Fede Valverde
91%
Barcelona (H) CM Fede Valverde
91%
Osasuna (H) CM Fede Valverde
91%
Leganes (A) RB Fede Valverde
91%
Getafe (H) CM Fede Valverde
91%
Athletic Club (A) CAM Fede Valverde
91%
Girona (A) CM Fede Valverde
91%
Rayo (A) CM Fede Valverde
91%
Sevilla (H) CM Fede Valverde
91%
Valencia (A) CM Fede Valverde
91%
Las Palmas (H) CM Fede Valverde
91%
Valladolid (A) CM Fede Valverde
91%
Espanyol (A) CM Fede Valverde
91%
Atletico Madrid (H) CM Fede Valverde
91%
Osasuna (A) RB Fede Valverde
91%
Villarreal (A) CM Fede Valverde
91%
Valencia (H) CM Fede Valverde
91%
Alaves (A) CM Fede Valverde
91%
Athletic Club (H) RB Fede Valverde
91%
Getafe (A) CM Fede Valverde
91%
Celta Vigo (H) CM Fede Valverde
91%
Barcelona (A) CM Fede Valverde
91%
Mallorca (H) RB Fede Valverde
91%
Sevilla (A) RB Fede Valverde
91%
Real Sociedad (H) CM Fede Valverde
91%
Mallorca (A) LB Ferland Mendy
91%
Las Palmas (A) LB Ferland Mendy
91%
Real Betis (H) LB Ferland Mendy
91%
Real Sociedad (A) LB Ferland Mendy
91%
Alaves (H) LB Ferland Mendy
91%
Atletico Madrid (A) LB Ferland Mendy
91%
Villarreal (H) LB Ferland Mendy
91%
Barcelona (H) LB Ferland Mendy
91%
Girona (A) LB Ferland Mendy
91%
Valencia (A) LB Ferland Mendy
91%
Girona (H) LB Ferland Mendy
91%
Real Betis (A) LB Ferland Mendy
91%
Mallorca (A) CM Jude Bellingham
91%
Alaves (H) CM Jude Bellingham
91%
Espanyol (H) CAM Jude Bellingham
91%
Atletico Madrid (A) CM Jude Bellingham
91%
Villarreal (H) CAM Jude Bellingham
91%
Celta Vigo (A) CM Jude Bellingham
91%
Barcelona (H) CM Jude Bellingham
91%
Osasuna (H) CM Jude Bellingham
91%
Leganes (A) CAM Jude Bellingham
91%
Getafe (H) CM Jude Bellingham
91%
Athletic Club (A) CAM Jude Bellingham
91%
Girona (A) CAM Jude Bellingham
91%
Rayo (A) CAM Jude Bellingham
91%
Sevilla (H) CAM Jude Bellingham
91%
Valencia (A) CAM Jude Bellingham
91%
Las Palmas (H) CAM Jude Bellingham
91%
Valladolid (A) CAM Jude Bellingham
91%
Espanyol (A) CAM Jude Bellingham
91%
Atletico Madrid (H) CM Jude Bellingham
91%
Osasuna (A) CAM Jude Bellingham
91%
Rayo (H) CAM Jude Bellingham
91%
Villarreal (A) CAM Jude Bellingham
91%
Leganes (H) CAM Jude Bellingham
91%
Valencia (H) CAM Jude Bellingham
91%
Athletic Club (H) CAM Jude Bellingham
91%
Celta Vigo (H) CAM Jude Bellingham
91%
Barcelona (A) CAM Jude Bellingham
91%
Mallorca (H) CM Jude Bellingham
91%
Sevilla (A) CAM Jude Bellingham
91%
Mallorca (A) ST Kylian Mbappe
91%
Valladolid (H) ST Kylian Mbappe
91%
Las Palmas (A) ST Kylian Mbappe
91%
Real Betis (H) ST Kylian Mbappe
91%
Real Sociedad (A) ST Kylian Mbappe
91%
Alaves (H) ST Kylian Mbappe
91%
Espanyol (H) ST Kylian Mbappe
91%
Villarreal (H) ST Kylian Mbappe
91%
Celta Vigo (A) ST Kylian Mbappe
91%
Barcelona (H) ST Kylian Mbappe
91%
Osasuna (H) ST Kylian Mbappe
91%
Leganes (A) ST Kylian Mbappe
91%
Getafe (H) ST Kylian Mbappe
91%
Athletic Club (A) ST Kylian Mbappe
91%
Girona (A) ST Kylian Mbappe
91%
Sevilla (H) ST Kylian Mbappe
91%
Valencia (A) ST Kylian Mbappe
91%
Las Palmas (H) ST Kylian Mbappe
91%
Valladolid (A) ST Kylian Mbappe
91%
Espanyol (A) ST Kylian Mbappe
91%
Atletico Madrid (H) ST Kylian Mbappe
91%
Osasuna (A) ST Kylian Mbappe
91%
Girona (H) ST Kylian Mbappe
91%
Real Betis (A) ST Kylian Mbappe
91%
Rayo (H) ST Kylian Mbappe
91%
Villarreal (A) ST Kylian Mbappe
91%
Leganes (H) ST Kylian Mbappe
91%
Valencia (H) ST Kylian Mbappe
91%
Alaves (A) ST Kylian Mbappe
91%
Celta Vigo (H) ST Kylian Mbappe
91%
Barcelona (A) ST Kylian Mbappe
91%
Mallorca (H) ST Kylian Mbappe
91%
Sevilla (A) LW Kylian Mbappe
91%
Real Sociedad (H) ST Kylian Mbappe
91%
Mallorca (A) CB Eder Militao
87%
Valladolid (H) CB Eder Militao
87%
Las Palmas (A) CB Eder Militao
87%
Real Betis (H) CB Eder Militao
87%
Real Sociedad (A) CB Eder Militao
87%
Alaves (H) CB Eder Militao
87%
Espanyol (H) CB Eder Militao
87%
Atletico Madrid (A) CB Eder Militao
87%
Celta Vigo (A) CB Eder Militao
87%
Barcelona (H) CB Eder Militao
87%
Osasuna (H) CB Eder Militao
87%
Villarreal (H) CM Eduardo Camavinga
87%
Celta Vigo (A) CM Eduardo Camavinga
87%
Barcelona (H) CM Eduardo Camavinga
87%
Osasuna (H) CDM Eduardo Camavinga
87%
Leganes (A) CM Eduardo Camavinga
87%
Sevilla (H) LB Eduardo Camavinga
87%
Osasuna (A) CM Eduardo Camavinga
87%
Villarreal (A) CM Eduardo Camavinga
87%
Leganes (H) CM Eduardo Camavinga
87%
Alaves (A) CM Eduardo Camavinga
87%
Athletic Club (H) LB Eduardo Camavinga
87%
Valladolid (H) LB Fran Garcia
87%
Espanyol (H) LB Fran Garcia
87%
Celta Vigo (A) LB Fran Garcia
87%
Osasuna (H) LB Fran Garcia
87%
Leganes (A) LB Fran Garcia
87%
Getafe (H) LB Fran Garcia
87%
Athletic Club (A) LB Fran Garcia
87%
Rayo (A) LB Fran Garcia
87%
Las Palmas (H) LB Fran Garcia
87%
Valladolid (A) LB Fran Garcia
87%
Espanyol (A) LB Fran Garcia
87%
Atletico Madrid (H) LB Fran Garcia
87%
Osasuna (A) LB Fran Garcia
87%
Rayo (H) LB Fran Garcia
87%
Villarreal (A) LB Fran Garcia
87%
Leganes (H) LB Fran Garcia
87%
Valencia (H) LB Fran Garcia
87%
Alaves (A) LB Fran Garcia
87%
Getafe (A) LB Fran Garcia
87%
Celta Vigo (H) LB Fran Garcia
87%
Barcelona (A) LB Fran Garcia
87%
Mallorca (H) LB Fran Garcia
87%
Sevilla (A) LB Fran Garcia
87%
Real Sociedad (H) LB Fran Garcia
87%
Mallorca (A) CDM Aurelien Tchouameni
83%
Valladolid (H) CM Aurelien Tchouameni
83%
Las Palmas (A) CM Aurelien Tchouameni
83%
Real Betis (H) CM Aurelien Tchouameni
83%
Alaves (H) CM Aurelien Tchouameni
83%
Espanyol (H) CB Aurelien Tchouameni
83%
Atletico Madrid (A) CDM Aurelien Tchouameni
83%
Villarreal (H) CB Aurelien Tchouameni
83%
Celta Vigo (A) CDM Aurelien Tchouameni
83%
Barcelona (H) CDM Aurelien Tchouameni
83%
Athletic Club (A) CM Aurelien Tchouameni
83%
Girona (A) CB Aurelien Tchouameni
83%
Rayo (A) CB Aurelien Tchouameni
83%
Sevilla (H) CB Aurelien Tchouameni
83%
Valencia (A) CB Aurelien Tchouameni
83%
Valladolid (A) CB Aurelien Tchouameni
83%
Espanyol (A) CB Aurelien Tchouameni
83%
Atletico Madrid (H) CB Aurelien Tchouameni
83%
Osasuna (A) CB Aurelien Tchouameni
83%
Girona (H) CM Aurelien Tchouameni
83%
Real Betis (A) CM Aurelien Tchouameni
83%
Rayo (H) CM Aurelien Tchouameni
83%
Villarreal (A) CB Aurelien Tchouameni
83%
Valencia (H) CB Aurelien Tchouameni
83%
Alaves (A) CDM Aurelien Tchouameni
83%
Athletic Club (H) CDM Aurelien Tchouameni
83%
Getafe (A) CM Aurelien Tchouameni
83%
Celta Vigo (H) CB Aurelien Tchouameni
83%
Barcelona (A) CB Aurelien Tchouameni
83%
Sevilla (A) CM Aurelien Tchouameni
83%
Real Sociedad (H) CB Aurelien Tchouameni
83%
Las Palmas (A) CAM Luka Modric
83%
Real Sociedad (A) CM Luka Modric
83%
Espanyol (H) CM Luka Modric
83%
Atletico Madrid (A) CM Luka Modric
83%
Villarreal (H) CAM Luka Modric
83%
Girona (A) CM Luka Modric
83%
Rayo (A) CM Luka Modric
83%
Osasuna (A) CM Luka Modric
83%
Girona (H) CM Luka Modric
83%
Real Betis (A) CM Luka Modric
83%
Rayo (H) CM Luka Modric
83%
Leganes (H) CM Luka Modric
83%
Valencia (H) CM Luka Modric
83%
Athletic Club (H) CM Luka Modric
83%
Mallorca (H) CM Luka Modric
83%
Sevilla (A) CM Luka Modric
83%
Real Sociedad (H) CM Luka Modric
83%
Valladolid (H) CAM Arda Guler
78%
Real Sociedad (A) CAM Arda Guler
78%
Espanyol (H) RW Arda Guler
78%
Leganes (A) RW Arda Guler
78%
Girona (A) RW Arda Guler
78%
Rayo (A) RW Arda Guler
78%
Leganes (H) RW Arda Guler
78%
Alaves (A) RW Arda Guler
78%
Getafe (A) CAM Arda Guler
78%
Celta Vigo (H) RW Arda Guler
78%
Barcelona (A) RW Arda Guler
78%
Mallorca (H) CM Arda Guler
78%
Sevilla (A) RW Arda Guler
78%
Real Sociedad (H) RW Arda Guler
78%
Girona (H) CB David Alaba
78%
Real Betis (A) CB David Alaba
78%
Rayo (H) CB David Alaba
78%
Getafe (A) CB David Alaba
78%
Las Palmas (A) RB Lucas Vazquez
74%
Alaves (H) RB Lucas Vazquez
74%
Celta Vigo (A) RB Lucas Vazquez
74%
Barcelona (H) RB Lucas Vazquez
74%
Osasuna (H) RB Lucas Vazquez
74%
Getafe (H) RB Lucas Vazquez
74%
Athletic Club (A) RB Lucas Vazquez
74%
Girona (A) RB Lucas Vazquez
74%
Rayo (A) RB Lucas Vazquez
74%
Sevilla (H) RB Lucas Vazquez
74%
Valencia (A) RB Lucas Vazquez
74%
Las Palmas (H) RB Lucas Vazquez
74%
Espanyol (A) RB Lucas Vazquez
74%
Atletico Madrid (H) RB Lucas Vazquez
74%
Girona (H) RB Lucas Vazquez
74%
Real Betis (A) RB Lucas Vazquez
74%
Rayo (H) RB Lucas Vazquez
74%
Villarreal (A) RB Lucas Vazquez
74%
Leganes (H) RB Lucas Vazquez
74%
Valencia (H) RB Lucas Vazquez
74%
Alaves (A) RB Lucas Vazquez
74%
Getafe (A) RB Lucas Vazquez
74%
Celta Vigo (H) RB Lucas Vazquez
74%
Barcelona (A) RB Lucas Vazquez
74%
Real Sociedad (H) RB Lucas Vazquez
74%
Leganes (A) CB Raul Asencio
74%
Getafe (H) CB Raul Asencio
74%
Athletic Club (A) CB Raul Asencio
74%
Las Palmas (H) CB Raul Asencio
74%
Valladolid (A) RB Raul Asencio
74%
Atletico Madrid (H) CB Raul Asencio
74%
Osasuna (A) CB Raul Asencio
74%
Girona (H) CB Raul Asencio
74%
Rayo (H) CB Raul Asencio
74%
Villarreal (A) CB Raul Asencio
74%
Leganes (H) CB Raul Asencio
74%
Alaves (A) CB Raul Asencio
74%
Athletic Club (H) CB Raul Asencio
74%
Getafe (A) CB Raul Asencio
74%
Celta Vigo (H) CB Raul Asencio
74%
Barcelona (A) CB Raul Asencio
74%
Mallorca (H) CB Raul Asencio
74%
Real Sociedad (H) CB Raul Asencio
74%
Las Palmas (A) RW Brahim Diaz
70%
Real Sociedad (A) RW Brahim Diaz
70%
Getafe (H) RW Brahim Diaz
70%
Girona (A) LW Brahim Diaz
70%
Rayo (A) LW Brahim Diaz
70%
Sevilla (H) RW Brahim Diaz
70%
Las Palmas (H) RW Brahim Diaz
70%
Valladolid (A) RW Brahim Diaz
70%
Osasuna (A) RW Brahim Diaz
70%
Girona (H) CAM Brahim Diaz
70%
Real Betis (A) CAM Brahim Diaz
70%
Villarreal (A) RW Brahim Diaz
70%
Leganes (H) LW Brahim Diaz
70%
Valencia (H) RW Brahim Diaz
70%
Getafe (A) RW Brahim Diaz
70%
Real Sociedad (H) LW Brahim Diaz
70%
Real Betis (H) CAM Dani Ceballos
70%
Leganes (A) CM Dani Ceballos
70%
Getafe (H) CDM Dani Ceballos
70%
Athletic Club (A) CM Dani Ceballos
70%
Sevilla (H) CM Dani Ceballos
70%
Valencia (A) CM Dani Ceballos
70%
Las Palmas (H) CM Dani Ceballos
70%
Valladolid (A) CM Dani Ceballos
70%
Espanyol (A) CM Dani Ceballos
70%
Atletico Madrid (H) CM Dani Ceballos
70%
Athletic Club (H) CM Dani Ceballos
70%
Celta Vigo (H) CM Dani Ceballos
70%
Barcelona (A) CM Dani Ceballos
70%
Mallorca (H) CM Dani Ceballos
70%
Real Sociedad (H) CM Dani Ceballos
70%
Getafe (A) ST Endrick
52%
Mallorca (H) ST Endrick
52%
Sevilla (A) ST Endrick
52%
Mallorca (H) CB Jacobo Ramon
30%
Sevilla (A) CB Jacobo Ramon
30%
Sevilla (A) CB Jesus Vallejo
26%
Valencia (H) GK Fran Gonzalez
17%
No matching quizzes found
Score Distribution
Percent of People with Each Score
Percentile by Number Answered
Your Score History
You have not taken this quiz since the last reset